College Quizbowl Stats
College Quizbowl Stats
Circuits
Seasons
Sets
Records
Detailed Stats
About
Loading...
2024 Penn Bowl Playtest
Tossups
Bonuses
Players
Teams
Categories (Tossup)
Categories (Bonus)
Tiffany Zhou
N/A
Categories
Category
Powers
Gets
Negs
BBs
Points
Earliest Buzz
Avg. Buzz
First Buzzes
Top 3 Buzzes
Literature - World Literature
1
1
0
0
25
54
73.50
0
2
Philosophy
1
1
0
0
25
66
76.00
1
1
Fine Arts - Visual Fine Arts
0
1
0
1
10
97
97.00
1
1
Social Science
0
1
0
0
10
105
105.00
0
0
Buzzes
Category
Answer
Value
Buzz Position
Literature - World Literature
The Wind-Up Bird Chronicle
15
54
Philosophy
sublime
15
66
Philosophy
Chinese room argument
10
86
Literature - World Literature
Brontë
10
93
Fine Arts - Visual Fine Arts
musical instruments
10
97
Social Science
tense
10
105
Previous
1
Next